Bytový dom

Guardado en:
Detalles Bibliográficos
Autor principal: Schemmer, Tomáš (Autor)
Otros Autores: Hýsek, Peter (Orientador)
Formato: Manuscrito Libro
Lenguaje:eslovaco
Publicado: 2016
Materias:
Acceso en línea:http://is.stuba.sk/zp/portal_zp.pl?podrobnosti=99278
https://opac.crzp.sk/?fn=detailBiblioForm&sid=CAF43C23BCEFEBA4BACE1CBCB6F5
Etiquetas: Agregar Etiqueta
Sin Etiquetas, Sea el primero en etiquetar este registro!

MARC

LEADER 00000ntm a22000003a 4500
001 stuzp56757
003 SK-STU
005 20230609101950.2
007 ta
008 150427s2015----xo-----f-mn---000-0-slo-d
040 |a STU  |b slo 
041 0 |a slo 
100 1 |a Schemmer, Tomáš  |u 010180  |4 aut  |U SvF Stavebná fakulta  |T SvF Katedra konštrukcií pozemných stavieb  |X 74313  |U V180  |Y 18  |7 74313 
242 0 1 |a Apartment dwelling house  |y eng 
245 1 0 |a Bytový dom 
260 |c 2016 
650 4 |a bytový dom  |2 slo 
650 4 |a polyfunkcia  |2 slo 
650 4 |a energia  |2 slo 
650 4 |a apartment  |2 eng 
650 4 |a architectural  |2 eng 
650 4 |a thermotechnical  |2 eng 
700 1 |a Hýsek, Peter  |u 010180  |k Z3  |4 ths  |U SvF Stavebná fakulta  |T SvF Katedra konštrukcií pozemných stavieb  |X 49529  |U V180  |Y 18  |7 A000049529 
856 4 |u http://is.stuba.sk/zp/portal_zp.pl?podrobnosti=99278 
856 4 |u https://opac.crzp.sk/?fn=detailBiblioForm&sid=CAF43C23BCEFEBA4BACE1CBCB6F5 
SQL |a stuzp56757  |b DBP  |c SLO  |d Bytový dom  |e 74313  |f Schemmer, Tomáš  |g 010180  |h 49529  |i Hýsek, Peter  |j 20160620  |k 4  |l 01  |m http://is.stuba.sk/zp/portal_zp.pl?podrobnosti=99278  |n B-PSA  |o 5.1.4. pozemné stavby, 5.1.1. architektúra a urbanizmus